000
00220 a2200097 4500
001
48616
100
_a
Taylor, J.W.R
245
_a
History of aviation
260
_a
London
_b
New English library
_c
090
_c
31543
_d
31543
942
_a
NUST-CAE
_c
M
_c
23940
999
_c
283689
_d
283689